000
00227 a2200109 4500
020
_a
9789367133910
100
_a
R. C. Hibbeler
245
_a
Mechanics of materials
250
_a
11th
260
_b
Pearson
_c
2025
942
_c
OO
999
_c
115960
_d
115959